| 000 | 00759nam a2200205Ia 4500 | ||
|---|---|---|---|
| 005 | 20241216011325.0 | ||
| 008 | 190429s9999||||xx |||||||||||||| ||und|| | ||
| 082 |
_a362.1912 _bC45 |
||
| 100 | _aCERVANTES YARINGAÑO ROCIO DEL PILAR, LAGUA AMERI DIANA YESENIA | ||
| 245 | 0 | _aSATISFACCCION DEL USUARIO EXTERNO SOBRE LA ATENCION DE CONSULTORIO DE GINECO-OBSTETRICIA EN EL HOSPITAL DANIEL ALCIDES CARRION-PASCO | |
| 250 | _a0 | ||
| 260 |
_aCERRO DE PASCO-PERU _bUNDAC _c2007 |
||
| 300 |
_a42 pag. _c30 cm. |
||
| 341 | _h0 | ||
| 490 |
_v0 _a0 |
||
| 505 | _aINTRODUCCION/MATERIAL Y METODOS/RESULTADOS/DISCUSION/CONCLUSIONES/RECOMENDACIONES/BIBLIOGRAFIA | ||
| 541 |
_aD _bCERVANTES YARINGAÑO ROCIO _d26-Feb-08 _oSoles |
||
| 650 | _aObstetricia | ||
| 942 | _cTESIS | ||
| 999 |
_c38760 _d38760 |
||